Từ điển Nhật-Việt /
Wedi'i Gadw mewn:
| Prif Awdur: | |
|---|---|
| Fformat: | Anhysbys |
| Iaith: | English |
| Cyhoeddwyd: |
ĐHQG HA NỘI,
1999.
|
| Pynciau: | |
| Tagiau: |
Ychwanegu Tag
Dim Tagiau, Byddwch y cyntaf i dagio'r cofnod hwn!
|
| Thư viện lưu trữ: | Mạng thư viện Đại học Đà Nẵng |
|---|
| LEADER | 00924ca a2200253 4500 | ||
|---|---|---|---|
| 001 | 000032369 | ||
| 003 | 8453 | ||
| 005 | 20221205165233.0 | ||
| 008 | 151002s1999 vm 000 eng | ||
| 041 | |a eng | ||
| 082 | |a 491.73 |b LÊ-N | ||
| 100 | |a Lê Đức Niệm | ||
| 245 | 0 | |a Từ điển Nhật-Việt / |c Lê Đức Niệm. | |
| 260 | |a ĐHQG HA NỘI, |c 1999. | ||
| 653 | |a Từ điển Nhật-Việt |a Từ điển Nhật | ||
| OWN | |a LNN | ||
| AVA | |a UDN50 |b LNN |c Japanese-Korean-Thailander |d 491.73 LÊ-N |e available |t Error 5001 Not defined in file expand_doc_bib_avail. |f 1 |g 0 |h N |i 0 |j HN |k 1 | ||
| 999 | |a From the UDN01 | ||
| AVA | |a UDN50 |b LNN |c Japanese-Korean-Thailander |d 491.73 LÊ-N |e available |t Error 5001 Not defined in file expand_doc_bib_avail. |f 1 |g 0 |h N |i 0 |j HN |k 1 | ||
| TYP | |a Printed language | ||
| 980 | |a Mạng thư viện Đại học Đà Nẵng | ||